[Event "Stuttgart-chB int"]
[Site "Ditzingen"]
[Date "2018.05.12"]
[Round "6"]
[White "Rautenberg, Uwe"]
[Black "Wallinger, Lukas"]
[Result "1/2-1/2"]
[WhiteElo "1909"]
[BlackElo "1677"]
[PlyCount "44"]
[EventDate "2018.05.10"]
[EventType "swiss"]
[EventRounds "7"]
[EventCountry "GER"]
[SourceTitle "EXT 2020"]
[Source "ChessBase"]
[SourceDate "2019.10.17"]
[SourceVersion "1"]
[SourceVersionDate "2019.10.17"]
[SourceQuality "1"]

1. d4 f5 2. Bf4 Nf6 3. e3 e6 4. c3 Be7 5. h3 b6 6. Be2 Bb7 7. Nf3 0-0 8. Nbd2 Nc6 9. Qc2 a5 10. a4 Nd5 11. Bh2 Ba6 12. Nc4 b5 13. Nce5 Nxe5 14. Nxe5 bxa4 15. Bxa6 Rxa6 16. Qxa4 c6 17. Nd3 Qb6 18. 0-0 Rfa8 19. Qc2 a4 20. Rab1 Qa5 21. Ra1 Qb6 22. Rab1 Qa5 1/2-1/2

[Event "Stuttgart-chB int"]
[Site "Ditzingen"]
[Date "2018.05.12"]
[Round "5"]
[White "Wallinger, Lukas"]
[Black "Sami, Sami"]
[Result "1-0"]
[WhiteElo "1677"]
[BlackElo "1827"]
[PlyCount "59"]
[EventDate "2018.05.10"]
[EventType "swiss"]
[EventRounds "7"]
[EventCountry "GER"]
[SourceTitle "EXT 2020"]
[Source "ChessBase"]
[SourceDate "2019.10.17"]
[SourceVersion "1"]
[SourceVersionDate "2019.10.17"]
[SourceQuality "1"]

1. e4 c5 2. c3 g6 3. d4 cxd4 4. cxd4 d6 5. Nf3 Bg7 6. Nc3 Nc6 7. Be3 Nf6 8. Be2 0-0 9. 0-0 e5 10. d5 Ne7 11. Rc1 Ng4 12. Bg5 f5 13. exf5 gxf5 14. Nb5 Bf6 15. Qd2 f4 16. Qb4 Nf5 17. Bxf6 Rxf6 18. Ng5 Rg6 19. Ne6 Qh4 20. Bxg4 Qxg4 21. Qe4 Nh4 22. Kh1 Qh5 23. Rc3 Rxg2 24. Rh3 Rxf2 25. Rg1+ Kh8 26. Nxd6 Bxe6 27. dxe6 Rf8 28. Nf7+ Rxf7 29. exf7 Qxf7 30. Qxe5+ 1-0

[Event "GER-chT U16"]
[Site "Naumburg"]
[Date "2012.12.29"]
[Round "6"]
[White "Fistoul, Boris"]
[Black "Wallinger, Lukas"]
[Result "1-0"]
[WhiteElo "1654"]
[BlackElo "1647"]
[PlyCount "41"]
[EventDate "2012.12.27"]
[EventType "team-swiss"]
[EventRounds "7"]
[EventCountry "GER"]
[SourceTitle "EXT 2014"]
[Source "ChessBase"]
[SourceDate "2013.11.20"]
[SourceVersion "1"]
[SourceVersionDate "2013.11.20"]
[SourceQuality "1"]
[WhiteTeam "Bochum SG"]
[BlackTeam "Unterkochen"]
[WhiteTeamCountry "GER"]
[BlackTeamCountry "GER"]

1. d4 Nf6 2. c4 g6 3. f3 Bg7 4. e4 d6 5. Nc3 0-0 6. Be3 Nbd7 7. Qd2 c5 8. d5 Nb6 9. Bd3 e5 10. Nge2 Nfd7 11. g4 Qh4+ 12. Ng3 Qd8 13. 0-0-0 a6 14. h4 Ra7 15. h5 Na8 16. Bh6 Nc7 17. Bxg7 Kxg7 18. hxg6 fxg6 19. Qh6+ Kf7 20. Qxh7+ Kf6 21. g5+ 1-0

[Event "GER-chT U16"]
[Site "Naumburg"]
[Date "2012.12.27"]
[Round "1"]
[White "Wallinger, Lukas"]
[Black "Waschischeck, Tom"]
[Result "0-1"]
[WhiteElo "1647"]
[BlackElo "1645"]
[PlyCount "88"]
[EventDate "2012.12.27"]
[EventType "team-swiss"]
[EventRounds "7"]
[EventCountry "GER"]
[SourceTitle "EXT 2014"]
[Source "ChessBase"]
[SourceDate "2013.11.20"]
[SourceVersion "1"]
[SourceVersionDate "2013.11.20"]
[SourceQuality "1"]
[WhiteTeam "Unterkochen"]
[BlackTeam "Leipzig Schachgemeinschaft"]
[WhiteTeamCountry "GER"]
[BlackTeamCountry "GER"]

1. e4 e6 2. d4 d5 3. Nc3 a6 4. Nf3 dxe4 5. Nxe4 Nd7 6. Bc4 Ngf6 7. Bg5 Be7 8. Qd3 Nxe4 9. Bxe7 Nxf2 10. Bxd8 Nxd3+ 11. Bxd3 Kxd8 12. Ng5 Ke7 13. 0-0 Nf6 14. Rf2 h6 15. Nf3 Rd8 16. c3 b6 17. Re1 Kf8 18. Ne5 Bb7 19. Ref1 Rac8 20. Rf4 c5 21. Ng4 cxd4 22. cxd4 Rc7 23. Nxf6 gxf6 24. Rxf6 Rxd4 25. Be2 Rd2 26. Bf3 Bxf3 27. R1xf3 Rc1+ 28. Rf1 Rxf1+ 29. Rxf1 Rxb2 30. Rf2 Rb1+ 31. Rf1 Rxf1+ 32. Kxf1 Ke7 33. Ke2 Kd6 34. Kd3 Kd5 35. h3 b5 36. g3 a5 37. g4 e5 38. h4 f6 39. Ke3 b4 40. Kd3 a4 41. h5 e4+ 42. Kd2 Kd4 43. Ke2 b3 44. axb3 axb3 0-1